[Event "EWCCC Online Final 2020"]
[Site "Online"]
[Date "2020.12.21"]
[Round "1.3"]
[White "Pogonina, Natalija"]
[Black "Hoang, Thanh Trang"]
[Result "1-0"]
[WhiteElo "2474"]
[BlackElo "2404"]
[Annotator "TA"]
[PlyCount "117"]
[EventDate "2020.12.19"]
[EventType "team-tourn"]
[EventCountry "NET"]
[SourceTitle "playchess.com"]
[Source "ChessBase"]
[SourceQuality "1"]

{[%evp 9,117,33,27,8,32,27,34,28,27,21,34,31,19,18,27,26,20,21,27,24,31,10,17,13,15,-2,0,-7,4,0,13,0,13,9,9,9,10,14,9,9,27,12,22,6,31,24,24,24,50,24,32,22,22,0,0,0,45,45,80,69,60,24,43,41,51,51,69,67,103,66,345,81,96,89,281,69,314,337,322,313,321,308,265,270,332,327,311,264,587,577,533,508,632,575,597,574,1286,1475,1134,769,2537,1978,12841,12841,12843,12843,12844,12842,12844,12844]} 1. d4 e6 2. Nf3 f5 3. Bf4 Nf6 4. e3 b6 5. Be2 Bb7 6. h3 {A80: Dutch Defence: Unusual White second moves.} Be7 7. O-O O-O 8. c4 {White is slightly better.} Ne4 9. Nfd2 Nxd2 10. Nxd2 d6 11. Bf3 Bxf3 12. Qxf3 Nd7 {[#]} 13. Rad1 $146 ({Predecessor:} 13. Qc6 Nf6 14. b4 Qd7 15. b5 Qxc6 16. bxc6 Rfe8 17. a4 a5 18. Bh2 {1-0 (54) Sedlak,N (2583)-Hoang,T (2436) Budapest 2018}) 13... Nf6 14. Bh2 Qd7 15. e4 fxe4 16. Nxe4 d5 17. Nxf6+ Bxf6 18. Qe2 Rae8 19. b3 c6 20. Qc2 e5 (20... dxc4 {is interesting.} 21. Qxc4 Qd5 22. Rfe1 Rd8 23. Be5 Qxc4 24. bxc4 Rfe8) 21. cxd5 cxd5 22. dxe5 Bxe5 23. Qd3 Bxh2+ 24. Kxh2 Re5 25. Rd2 Qf5 26. Qg3 Qf4 27. Rfd1 Qxg3+ 28. Kxg3 $11 {[%mdl 4096] Endgame KRR-KRR} Rd8 29. Kf4 (29. f4 $5 {[%cal Rf4e5]} Re3+ 30. Kg4 $14) 29... Re4+ 30. Kf3 Re5 31. Kf4 Re4+ 32. Kg3 Re5 33. f4 Rf5 34. Kg4 g6 35. h4 h6 36. g3 Kf7 37. Kf3 Ke6 38. Re1+ Kd6 39. g4 Rf6 $2 {[%mdl 8192] [#]} (39... Rff8 $1 $14) 40. Red1 $2 (40. Rxd5+ $1 $18 {[%mdl 512] is the precise move to win.} Kxd5 41. Rd1+ Ke6 42. Rxd8) 40... Kc6 $16 41. Rc1+ Kd6 $2 {[#]} (41... Kb7 $16 {was called for.}) 42. Rdc2 $2 ({White must play} 42. Rxd5+ $1 $18 {[%mdl 512]} Kxd5 43. Rd1+ Ke6 44. Rxd8) 42... Rdf8 $2 (42... Re6 $14) 43. Rc6+ $18 Kd7 44. Rc7+ Kd8 45. Rc8+ ({Worse is} 45. Rxa7 Rxf4+ 46. Kg3 Rf3+ 47. Kg2 d4 $11) 45... Kd7 46. R1c7+ {[%mdl 64] Double Attack} Kd6 47. Rxf8 Rxf8 48. Rxa7 {KR-KR} Rc8 $2 (48... Re8 49. Rg7 d4 50. Rxg6+ {[%mdl 64] Double Attack} Kc5) 49. Rg7 {White is clearly winning.} Rc3+ 50. Ke2 d4 51. Rxg6+ Kd5 52. Rxh6 Ke4 53. Re6+ Kxf4 54. Rxb6 Rc2+ {[#]} 55. Kd3 $1 {[%mdl 64] Double Attack} Rxa2 56. h5 Ke5 57. Rb5+ Kf4 58. g5 Rg2 59. g6 {Weighted Error Value: White=0.26/Black=0.43} 1-0

[Event "EWCCC Online Final 2020"]
[Site "Online"]
[Date "2020.12.21"]
[Round "1.3"]
[White "Badelka, Olga"]
[Black "Lazarne Vajda, Szidonia"]
[Result "1-0"]
[WhiteElo "2440"]
[BlackElo "2345"]
[Annotator "TA"]
[PlyCount "53"]
[EventDate "2020.12.19"]
[EventType "team-tourn"]
[EventCountry "NET"]
[SourceTitle "playchess.com"]
[Source "ChessBase"]
[SourceQuality "1"]

{[%evp 12,53,17,15,23,17,22,16,26,25,31,24,28,-13,6,-7,-11,-13,4,-10,39,23,85,82,322,310,475,457,476,462,479,465,457,452,552,460,5393,2866,29991,29992,29992,29993,29998,29999]} 1. Nf3 d5 2. g3 g6 3. Bg2 Bg7 4. d4 Nf6 5. c4 c6 6. cxd5 cxd5 7. Nc3 Ne4 {D73: Fianchetto Grünfeld: 5 Nf3 .} 8. Qa4+ Nc6 9. Ne5 Nxc3 {The position is equal.} 10. bxc3 Bxe5 11. dxe5 Be6 {[#]} 12. Be3 $146 ({Predecessor:} 12. Rb1 Qa5 13. Qxa5 Nxa5 14. Rb5 b6 15. Bxd5 Rc8 16. Bh6 Kd7 17. O-O Rhd8 18. e4 {½-½ (41) Inarkiev,E (2688)-Gelfand,B (2759) Moscow 2014}) 12... Qc7 13. O-O O-O 14. f4 Rad8 15. Rad1 a6 16. h3 Qc8 (16... h5 $11) 17. g4 $16 h5 $2 {[#] This costs Black the game.} (17... f6 $16) 18. f5 $1 $18 {[%mdl 512]} gxf5 (18... hxg4 $142 19. fxe6 Qxe6 20. Qxg4 Nxe5) 19. Qf4 {aiming for Qg5+.} f6 {[%cal Rh5g4]} 20. gxf5 Nxe5 21. fxe6 Qxe6 22. Bd4 Nf7 23. Qf5 Qxe2 (23... Qxf5 $142 24. Rxf5 Ng5 25. Rxd5 Rxd5) 24. Rde1 Qd2 25. Qg6+ {White mates.} Kh8 26. Rxe7 {[%cal Rd4f6][%mdl 64] Double Attack} Qh6 27. Bxf6+ {Accuracy: White = 90%, Black = 40%.} 1-0

[Event "EWCCC Online Final 2020"]
[Site "Online"]
[Date "2020.12.21"]
[Round "1.3"]
[White "Gara, Ticia"]
[Black "Dordzhieva, Dinara"]
[Result "0-1"]
[WhiteElo "2383"]
[BlackElo "2334"]
[Annotator "TA"]
[PlyCount "86"]
[EventDate "2020.12.19"]
[EventType "team-tourn"]
[EventCountry "NET"]
[SourceTitle "playchess.com"]
[Source "ChessBase"]
[SourceQuality "1"]

{[%evp 11,86,8,9,0,25,16,14,2,41,25,20,25,22,6,5,5,10,6,16,19,15,14,14,17,20,12,58,-28,-18,-117,-110,-96,-29,-55,-24,-39,-32,-65,-56,-84,-90,-89,-26,-33,-25,-27,-24,-40,-66,-111,-14,-71,-74,-160,-94,-406,-412,-536,-398,-489,0,-533,-532,-597,-158,-162,-160,-1081,-1076,-1096,-1044,-29986,-5425,-29987,-5406,-1624,-1013]} 1. Nf3 d5 2. g3 Bg4 3. Bg2 c6 4. O-O Nf6 5. c4 e6 6. d3 Be7 7. h3 {A11: English Opening: 1...c6.} Bh5 (7... Bxf3 $5 8. Bxf3 O-O $11) 8. Qb3 Qb6 9. Qc2 {[#] The position is equal.} Na6 $146 ({Predecessor:} 9... Nbd7 10. Be3 Qc7 11. cxd5 exd5 12. Nc3 Bxf3 13. Bxf3 Bd6 14. Bg2 O-O 15. Rac1 Rfc8 {1-0 (32) Meier,G (2608)-Pankov,G (2392) Budva 2009}) 10. Be3 Qd8 11. a3 O-O 12. b4 Nc7 13. g4 Bg6 14. Ne5 Nd7 15. Nxg6 hxg6 16. Nd2 e5 17. Nf3 Bd6 18. Bd2 f5 19. g5 ({White should try} 19. cxd5 $14 cxd5 20. e4) 19... e4 $11 20. Nd4 (20. Ne1 $11) 20... Be5 $17 21. e3 Bxd4 (21... Qxg5 $6 22. cxd5 cxd5 23. dxe4 $11) (21... c5 $17 22. bxc5 Nxc5 23. cxd5 Nxd3) 22. exd4 $11 Ne6 23. cxd5 cxd5 24. Qa2 Nb6 {And now ...f4 would win.} 25. dxe4 fxe4 26. Bxe4 Nxg5 (26... Qd6 $17 27. Bg2 (27. Bxg6 $2 Nxd4 28. Bh5 Nf3+ 29. Bxf3 Rxf3 $17) 27... Nxd4) 27. Bxg5 Qxg5+ 28. Bg2 Rf4 29. Rae1 Nc4 30. Re6 Rxd4 (30... Raf8 $17 {White should prevent ...Kh7.} 31. Qe2 Kh7) 31. Qe2 (31. Qa1 $11 {remains equal.} Re4 32. f4 $1 {[%mdl 512]} Rxf4 33. Rxf4 Qxf4 34. Re7 $1 {[%mdl 512]}) 31... Rf8 $17 (31... Nxa3 32. Re5 $11) 32. Re7 {[#]} (32. Rd1 $142 Rxd1+ 33. Qxd1) 32... Nd2 ({Much worse is} 32... Nxa3 $6 33. Rxb7 Nc4 34. Rxa7 $11) (32... Kh7 $142 $1 33. Rxb7 Rd2) 33. Qe6+ $2 {[%mdl 8192]} (33. f4 $17 {is a better chance.} Rdxf4 34. Rxf4 Rxf4 35. Re8+ Kh7 36. Kh2) 33... Kh7 $19 34. Qd7 Qf6 ({And not} 34... Nxf1 35. Rxg7+ Kh8 36. Rh7+ Kg8 37. Qg7#) 35. Re6 Qg5 $40 {[%mdl 128] Black is up to no good.} 36. Re7 $1 {[%cal Re7g7]} Rg8 ({Weaker is} 36... Nxf1 37. Rxg7+ Kh8 38. Rh7+ Kg8 39. Qg7#) 37. f4 Qh4 $2 (37... Qg3 $19 {and Black stays clearly on top.} 38. Rf2 Ne4 39. Rxe4 Rd1+ 40. Rf1 Rxf1+ 41. Kxf1 dxe4) 38. Rf2 $17 Nc4 {Threatens to win with ...Rd1+.} 39. Qg4 $2 (39. Rf3 $17) 39... Qxe7 $19 40. Kh2 Rf8 41. Bf3 Ne3 (41... Rdxf4 $142 42. Qg2 Ne5 43. a4 Rxf3 44. Rc2 {[#]} Qh4 $1 {[%mdl 512]} 45. Re2 Qf4+ 46. Kh1 Rf1+ 47. Qg1 Rxg1+ {[%mdl 64] Back Rank} 48. Kxg1 Qg3+ {[%mdl 64] Double Attack} 49. Rg2 Qe1+ {[%mdl 64] Double Attack} 50. Kh2 Nf3#) 42. Qg3 Nf5 (42... Rdxf4 $142 43. b5 Qxa3 44. Kh1 Qa1+ 45. Kh2 Qa3 46. Kh1 Qa1+ 47. Kh2 Qa3) 43. Qg4 Qh4 {Weighted Error Value: White=0.80/Black=0.78} 0-1

[Event "EWCCC Online Final 2020"]
[Site "Online"]
[Date "2020.12.21"]
[Round "1.3"]
[White "Gara, Anita"]
[Black "Girya, Olga"]
[Result "1/2-1/2"]
[WhiteElo "2350"]
[BlackElo "2464"]
[Annotator "TA"]
[PlyCount "84"]
[EventDate "2020.12.19"]
[EventType "team-tourn"]
[EventCountry "NET"]
[SourceTitle "playchess.com"]
[Source "ChessBase"]
[SourceQuality "1"]

{[%evp 9,84,10,10,12,22,-19,-22,-22,-31,-19,-20,-53,-47,-33,-35,-45,-32,-75,-72,-85,-61,-82,-84,-84,-82,-109,-109,-109,-109,-142,-136,-127,-114,-120,-87,-85,-32,-99,0,-8,0,0,0,-81,0,0,0,0,14,18,27,0,133,0,81,73,80,70,289,4,5,0,6,0,0,0,6,0,35,35,35,0,35,0,31,0,51]} 1. e4 c6 2. d4 d5 3. e5 Bf5 4. h4 h5 5. Bd3 Bxd3 6. Qxd3 {B12: Caro-Kann: Advance Variation.} Qa5+ 7. b4 Qxb4+ 8. Nd2 {[#] And now Rb1 would win.} e6 9. Rb1 Qe7 {[#]} 10. Ngf3 $146 ({Predecessor:} 10. c4 Qd7 11. Ngf3 Nh6 12. O-O b6 13. Ba3 Be7 14. Bxe7 Qxe7 15. cxd5 cxd5 16. Nc4 {½-½ (57) Desideri,R (1954)-Carneiro,V (2432) Sao Paulo 2018}) 10... b5 11. a4 a6 12. O-O Nh6 13. g3 Nf5 14. Re1 Qc7 15. Nf1 Nd7 ({Reject} 15... bxa4 16. c4 $11) 16. Ne3 Nxe3 17. Bxe3 Nb6 18. axb5 cxb5 19. Ra1 {Threatens to win with Rxa6!} Qc4 20. Qd1 Bb4 21. Bd2 Bxd2 22. Qxd2 O-O (22... Qc7 $17) 23. Ng5 (23. c3 $15) 23... Rfc8 (23... Na4 $17 24. Kg2 Rac8) 24. Qf4 $11 Rc7 25. Qf3 g6 ({Don't blunder} 25... Qxc2 $2 26. Rec1 $18) 26. Qf4 (26. Qf6 $11) 26... Re7 ({But not} 26... Qxc2 $2 27. Rec1 $18) ({Better is} 26... a5 $17) 27. Qf6 $36 {[%mdl 2048] White has some pressure.} Rae8 28. Rxa6 Nd7 29. Qf4 Qxc2 30. Ra7 (30. Rc1 $5 {[%cal Rc1c2]} Qf5 31. Qxf5 gxf5 32. Rb1 $11) 30... Qf5 {[#]} (30... Nb6 $11 31. Rea1 Qf5) 31. Qxf5 (31. Qd2 $1 $16) 31... exf5 (31... gxf5 $11 {keeps the balance.} 32. Ra5 b4) 32. Rb1 $16 f6 33. exf6 Re1+ $2 (33... Nxf6 $14 34. Rxe7 Rxe7) 34. Rxe1 $2 (34. Kg2 $18 Nxf6 35. Rxb5) 34... Rxe1+ $18 {[%mdl 4096] Endgame KRN-KRN} 35. Kg2 Nxf6 36. Ra8+ Kg7 37. Ra7+ Kg8 38. Rb7 Ne4 39. Rb8+ {[%mdl 1024] White has compensation.} Kg7 40. Rb7+ Kg8 41. Rb8+ Kg7 42. Rb7+ Kg8 {Weighted Error Value: White=0.30/Black=0.36} 1/2-1/2

[Event "EWCCC Online Final 2020"]
[Site "Online"]
[Date "2020.12.21"]
[Round "1.4"]
[White "Gunina, Valentina"]
[Black "Mammadzada, Gunay"]
[Result "0-1"]
[WhiteElo "2451"]
[BlackElo "2443"]
[Annotator "RC"]
[PlyCount "92"]
[EventDate "2020.12.19"]
[EventType "team-tourn"]
[EventCountry "NET"]
[SourceTitle "playchess.com"]
[Source "ChessBase"]
[SourceQuality "1"]
[TimeControl "900+5"]

1. d4 {[%emt 0:00:02]} d5 {[%emt 0:00:33]} 2. c4 {[%emt 0:00:04]} c6 {[%emt 0:00:02]} 3. Nf3 {[%emt 0:00:02]} Nf6 {[%emt 0:00:03]} 4. g3 {[%emt 0:00:02]} dxc4 {[%emt 0:00:05]} 5. Bg2 {[%emt 0:00:02]} g6 {[%emt 0:00:02]} 6. O-O {[%emt 0:00:01]} Bg7 {[%emt 0:00:02]} 7. Qc2 {[%emt 0:00:20]} b5 {[%emt 0:00:57]} 8. a4 {[%emt 0:00:26]} Bb7 {[%emt 0:00:22]} 9. b3 {[%emt 0:00:14]} cxb3 {[%emt 0:00:27]} 10. Qxb3 {[%emt 0:00:01]} a6 {[%emt 0:00:42]} 11. axb5 {[%emt 0:00:24]} cxb5 {[%emt 0:01:35]} 12. Ne5 {[%emt 0:02:35]} Bd5 {[%emt 0:00:04]} 13. Bxd5 {[%emt 0:00:01]} Qxd5 {[%emt 0:00:15]} 14. Qa3 {[%emt 0:00:03]} Qxd4 {[%emt 0:01:53]} 15. Bb2 {[%emt 0:04:55]} Qd6 {[%emt 0:00:08]} 16. Qb3 {[%emt 0:00:49]} Qd5 {[%emt 0:02:20]} 17. Qxd5 {[%emt 0:00:25]} Nxd5 {[%emt 0:00:02]} 18. Rd1 {[%emt 0:00:01]} Nb6 {[%emt 0:00:54]} 19. Na3 {[%emt 0:02:24]} O-O {[%emt 0:01:06]} 20. Bd4 {[%emt 0:00:05]} Na4 {[%emt 0:00:01]} 21. Rac1 {[%emt 0:00:23]} Rd8 {[%emt 0:00:41]} 22. Ba1 {[%emt 0:00:16]} Re8 {[%emt 0:01:00]} 23. Rc7 {[%emt 0:00:20]} Nb6 {[%emt 0:01:18]} 24. Bd4 {[%emt 0:01:32]} Nd5 {[%emt 0:00:23]} 25. Rb7 {[%emt 0:00:16]} f6 {[%emt 0:00:21]} 26. Nd3 {[%emt 0:00:21]} Nc6 {[%emt 0:00:04]} 27. Nc5 {[%emt 0:00:11]} Rab8 {[%emt 0:01:06]} 28. Rxb8 {[%emt 0:00:25]} Rxb8 {[%emt 0:00:02]} 29. e4 {[%emt 0:00:01]} Ndb4 {[%emt 0:00:04]} 30. Be3 {[%emt 0:00:13]} Rd8 {[%emt 0:00:20]} 31. Rc1 {[%emt 0:00:18]} Ne5 {[%emt 0:00:14]} 32. Rb1 {[%emt 0:00:10]} Nbc6 {[%emt 0:00:16]} 33. Nc2 {[%emt 0:00:09]} Ra8 {[%emt 0:00:07]} 34. Kg2 {[%emt 0:00:06]} Nc4 {[%emt 0:00:04]} 35. Bf4 {[%emt 0:00:02]} e5 {[%emt 0:00:06]} 36. Bc1 {[%emt 0:00:01]} Bf8 {[%emt 0:00:03]} 37. Ne6 {[%emt 0:00:01]} Bd6 {[%emt 0:00:04]} 38. Ra1 {[%emt 0:00:10]} Kf7 {[%emt 0:00:03]} 39. Nf4 {[%emt 0:00:14]} exf4 {[%emt 0:00:02]} 40. gxf4 {[%emt 0:00:01]} b4 {[%emt 0:00:03]} 41. Rb1 {[%emt 0:00:02]} a5 {[%emt 0:00:01]} 42. Ne1 {[%emt 0:00:02]} a4 {[%emt 0:00:04]} 43. Nd3 {[%emt 0:00:02]} b3 {[%emt 0:00:02]} 44. e5 {[%emt 0:00:03]} fxe5 {[%emt 0:00:01]} 45. fxe5 {[%emt 0:00:01]} N6xe5 {[%emt 0:00:02]} 46. Nf4 {[%emt 0:00:02]} Rb8 {[%emt 0:00:03]} 0-1

[Event "EWCCC Online Final 2020"]
[Site "Online"]
[Date "2020.12.21"]
[Round "1.4"]
[White "Salimova, Nurgyul"]
[Black "Balajayeva, Khanim"]
[Result "1-0"]
[WhiteElo "2397"]
[BlackElo "2376"]
[Annotator "TA"]
[PlyCount "119"]
[EventDate "2020.12.19"]
[EventType "team-tourn"]
[EventCountry "NET"]
[SourceTitle "playchess.com"]
[Source "ChessBase"]
[SourceQuality "1"]

{[%evp 12,119,23,25,23,21,15,19,17,19,10,16,37,36,23,23,165,158,222,97,105,99,98,99,95,85,147,147,147,147,147,140,139,141,142,137,135,137,171,170,168,101,102,97,135,139,160,149,193,183,291,291,279,277,250,206,266,274,267,263,290,287,279,215,202,179,180,170,177,172,242,222,280,262,540,527,582,582,582,582,582,580,565,565,574,572,589,589,961,950,905,781,774,758,883,876,29978,1383,1358,1350,1161,1248,1177,1120,5065,2868,1705,1489,1235,1145]} 1. d4 Nf6 2. Nf3 e6 3. g3 b6 4. Bg2 Bb7 5. O-O Be7 6. c4 O-O 7. Re1 {is now debated instead of 7.Nc3.} Ne4 {[#] E17: Queen's Indian: 4 g3 Bb7 5 Bg2 Be7.} 8. h4 $146 ({Predecessor:} 8. Nfd2 d5 9. cxd5 exd5 10. Nxe4 dxe4 11. Nc3 f5 12. Bf4 Nc6 13. Nb5 Bd6 14. Qb3+ Rf7 15. Nxd6 cxd6 {1-0 (101) Tomashevsky,E (2718)-Petrov,N (2586) Khanty-Mansiysk 2019}) 8... d5 9. cxd5 exd5 {The position is equal.} 10. Nc3 c5 11. Bf4 Nc6 12. dxc5 Nxc3 13. bxc3 bxc5 (13... Bxc5 $11 {and Black stays safe.} 14. Qc2 Ne7) 14. Rb1 $18 Qd7 {[#]} (14... Na5 $16 15. Qd3 Rc8) 15. Ng5 (15. c4 $1 $18 {[%mdl 512] has better winning chances.}) 15... Bxg5 $16 16. hxg5 Ne7 17. Qb3 Bc6 18. Qa3 d4 (18... Ng6 $142) 19. Bxc6 ({Don't do} 19. Qxc5 $6 Bxg2 20. Kxg2 dxc3 $14) 19... Nxc6 20. Qxc5 dxc3 21. Rbd1 Qb7 22. Qxc3 Rac8 23. Qf3 Qb5 24. Kg2 Rfe8 25. Rd5 Qa4 26. Rd2 (26. Qb3 $18 Qa6 27. Rd7) 26... Nd4 27. Qb7 Ne6 28. Be3 a5 29. Rh1 Nf8 30. Rh4 Qa3 (30... Rc4 {might work better.}) 31. Rf4 $18 Qe7 32. Qxe7 Rxe7 33. Rf5 a4 34. Ra5 Re4 35. Rd4 Rxd4 36. Bxd4 {[%mdl 4096] Endgame KRB-KRN} Ne6 37. Rxa4 Nxg5 38. Be3 Ne6 39. Ra7 Kf8 40. a4 {[%cal Ba2a4,Ba4a5,Ba5a6,Ba6a7][%mdl 32]} Rc2 (40... Nd8 {keeps fighting.} 41. Bb6 Nc6) 41. Kf3 h5 42. a5 g5 $2 (42... Rc6 {was worth a try.} 43. Ke4 g5 44. Ra8+ Ke7) 43. a6 Ra2 44. Ra8+ Ke7 45. a7 Nc7 46. Rc8 Kd7 47. Rf8 Ke7 48. Rh8 g4+ 49. Kg2 Ra5 {[#]} 50. Bb6 $1 {[%mdl 64] Double Attack} Ra6 51. Bxc7 Rxa7 {KRB-KR} 52. Bb6 Ra6 53. Bc5+ Kf6 54. Rxh5 (54. Rh6+ $142 Kf5 55. Rxa6 Ke5 56. Be7 f5 57. Ra5+ Ke6 58. Bh4 Kd7 59. Rxf5) 54... Kg6 {White is clearly winning.} 55. Re5 Ra5 56. Bd4 Ra2 57. Re4 f5 58. Re6+ Kh7 59. Rf6 Rd2 60. e3 {Weighted Error Value: White=0.08/Black=0.50} 1-0

[Event "EWCCC Online Final 2020"]
[Site "Online"]
[Date "2020.12.21"]
[Round "1.4"]
[White "Mammadova, Gulnar"]
[Black "Sebag, Marie"]
[Result "1/2-1/2"]
[WhiteElo "2382"]
[BlackElo "2438"]
[Annotator "TA"]
[PlyCount "55"]
[EventDate "2020.12.19"]
[EventType "team-tourn"]
[EventCountry "NET"]
[SourceTitle "playchess.com"]
[Source "ChessBase"]
[SourceQuality "1"]

{[%evp 15,55,-2,0,-11,50,-6,10,0,5,0,44,0,0,-28,-18,-34,-16,-44,-8,-22,0,0,0,-24,-18,-31,0,-89,-33,-76,-83,-100,0,-4,12,0,0,-19,40,0,0,-40]} 1. e4 c5 2. d3 Nc6 3. g3 d5 4. Nd2 e6 5. Bg2 g6 6. f4 Bg7 7. Ngf3 Nge7 8. O-O O-O 9. c3 {B20: Sicilian: Unusual White 2nd moves.} b5 (9... b6 $11) 10. Qe2 {[#]} (10. Nb3 $14) 10... b4 $146 ({Predecessor:} 10... a5 11. Nb3 b4 12. Nxc5 bxc3 13. bxc3 Bxc3 14. Rb1 Bb4 15. Qf2 Qd6 16. Na4 dxe4 17. dxe4 {0-1 (72) Kamer,K (2419)-Bajarani,U (2420) Tekirdag 2019}) 11. e5 bxc3 12. bxc3 Ba6 13. Rd1 Rb8 14. Nf1 (14. Nb3 $5 {[%cal Rb3c5]}) 14... Qa5 15. Qc2 Rfc8 16. a4 Qb6 17. Ba3 Qb3 18. Qd2 Na5 19. Ne3 Qb6 20. Qf2 Nb3 21. Rab1 (21. Ra2 $1 $11) 21... Qc6 (21... Qa5 $17 22. Bb2 Qxa4) 22. Ng4 Qxa4 23. Bb2 {[#]} h6 (23... Qa2 $1 $17 {Threatens to win with ...Bxd3!} 24. Bf1 Nf5) 24. Nf6+ $11 Kf8 25. Nh7+ Kg8 26. Nf6+ Kf8 (26... Kh8 $11) 27. Nh7+ ({Better is} 27. h4 $14) 27... Kg8 $15 28. Nf6+ {Weighted Error Value: White=0.25/Black=0.27} 1/2-1/2

[Event "EWCCC Online Final 2020"]
[Site "Online"]
[Date "2020.12.21"]
[Round "1.4"]
[White "Fataliyeva, Ulviyya"]
[Black "Maltsevskaya, Aleksandra"]
[Result "0-1"]
[WhiteElo "2301"]
[BlackElo "2311"]
[Annotator "TA"]
[PlyCount "74"]
[EventDate "2020.12.19"]
[EventType "team-tourn"]
[EventCountry "NET"]
[SourceTitle "playchess.com"]
[Source "ChessBase"]
[SourceQuality "1"]

{[%evp 13,74,0,42,32,33,44,42,23,35,28,33,37,42,24,51,30,32,29,44,19,46,35,46,-72,-72,-75,-75,-102,-95,-110,-92,-151,-153,-226,-228,-291,-288,-293,-262,-299,-284,-367,-152,-156,-157,-156,-157,-157,-156,-155,-123,-125,-126,-148,-151,-152,-152,-170,-151,-152,-153,-208,-183]} 1. e4 c6 2. Nc3 d5 3. Nf3 Bg4 4. h3 Bxf3 5. Qxf3 e6 6. g3 Nf6 7. Bg2 dxe4 8. Nxe4 {B11: Caro-Kann: Two Knights Variation.} Nxe4 9. Qxe4 Qd5 10. O-O {White is slightly better.} (10. d4 {with more complications.} Nd7 11. Qxd5 cxd5 12. c3 h5 13. Bf4) 10... Qxe4 11. Bxe4 Nd7 12. d4 O-O-O 13. c3 Nf6 14. Bg2 Nd5 15. Bd2 Be7 16. Rfd1 {[#]} Rd7 $146 ({Predecessor:} 16... Bf6) 17. b4 Rhd8 18. h4 {[#]} (18. Bf3 $14 {keeps the upper hand.}) 18... Nxb4 $1 $17 19. Rab1 ({Wrong is} 19. cxb4 $2 Rxd4 20. a3 Rxd2 $19) 19... Nd5 20. Rb3 c5 21. Rc1 cxd4 22. c4 {[#]} (22. cxd4+ $142 Rc7 23. Rbb1) 22... Nc3 $1 23. Rc2 (23. Bxc3 $17 dxc3 24. Rcxc3) 23... Bc5 $19 24. Rcb2 {[%cal Rg2b7]} b6 25. Kf1 f5 26. Bf4 d3 {Hoping for ...d2.} 27. Bc6 Rd4 (27... Ne4 $19 {is more deadly. Threatens to win with ...d2.} 28. Rb1 Nxf2 29. Bxd7+ Rxd7) 28. Rxc3 $17 {aiming for Rb1.} d2 29. Bxd2 Rxd2 30. Rcc2 Rxc2 31. Rxc2 {[%mdl 4096] Endgame KRB-KRB} Rd1+ 32. Kg2 Kc7 33. Bf3 Rd4 {Black is clearly better.} 34. Be2 e5 35. Bh5 g6 36. Be2 e4 37. Bf1 (37. f3 $17 {keeps fighting.}) 37... Kd6 {Weighted Error Value: White=0.28/Black=0.14} 0-1

[Event "EWCCC Online Final 2020"]
[Site "Online"]
[Date "2020.12.21"]
[Round "1.5"]
[White "Kashlinskaya, Alina"]
[Black "Arabidze, Meri"]
[Result "1-0"]
[WhiteElo "2494"]
[BlackElo "2437"]
[Annotator "TA"]
[PlyCount "71"]
[EventDate "2020.12.19"]
[EventType "team-tourn"]
[EventCountry "NET"]
[SourceTitle "playchess.com"]
[Source "ChessBase"]
[SourceQuality "1"]

{[%evp 15,71,19,34,33,30,19,41,39,54,57,53,50,85,87,99,76,79,65,83,75,82,63,62,81,120,137,125,122,112,117,104,115,82,-47,-33,-75,-26,-19,60,0,0,-3,0,0,0,-19,0,0,0,-10,-6,-6,0,-21,0,0,29987,29987]} 1. d4 Nf6 2. c4 e6 3. Nc3 d5 4. cxd5 exd5 5. Bg5 Be7 6. e3 Nbd7 {[%cal Bb8d7,Bd7f8,Bf8e6,Be6g7,Bg7f5,Bf5d6][%mdl 32]} 7. Bd3 c6 {seems to push 7...0-0 aside.} 8. Qc2 Nf8 9. O-O-O {D36: Queen's Gambit Declined: Exchange Variation: Main line (5 Bg5 c6 6 Qc2).} Ne6 10. Bxf6 Bxf6 11. f4 {White is slightly better.} g6 12. Nf3 Ng7 13. h3 {[#]} Nf5 $146 ({Predecessor:} 13... Bf5 14. g4 Bxd3 15. Rxd3 Be7 16. Kb1 Qd6 17. Re1 O-O 18. Ne5 f6 19. Nf3 Rae8 {½-½ (55) Eljanov,P (2706)-Lu,S (2640) China 2018}) 14. g4 Nd6 ({Not} 14... Nxe3 $2 15. Rhe1 $18) 15. Kb1 Bg7 16. e4 dxe4 17. Nxe4 O-O 18. f5 Nxe4 19. Bxe4 Qa5 20. h4 Re8 21. Bd3 Re3 {[#]} 22. Ne5 $1 {[%mdl 512]} Bxe5 23. dxe5 Qxe5 24. h5 (24. Rhf1 $16) 24... gxf5 $15 25. h6 Be6 (25... fxg4 {keeps more tension.} 26. Bxh7+ Kf8 27. Bg6 Be6 28. Rh5 Qf6) 26. gxf5 Rxd3 (26... Bd5 $11 27. Rhg1+ Kh8) 27. fxe6 (27. Rdg1+ $14 Rg3 28. fxe6 fxe6 {[#]} 29. Qh2 $1 {[%mdl 512]} Qf5+ 30. Ka1) 27... Rxd1+ $11 28. Rxd1 fxe6 {[%mdl 4096] Endgame KQR-KQR} 29. Qg2+ Kh8 30. Rg1 Re8 31. a3 Qf6 32. Qd2 Rg8 33. Re1 e5 34. Ka1 Qg5 35. Qd6 e4 $2 {[%mdl 8192]} (35... Re8 $11) 36. Qd4+ {[%mdl 64] Double Attack. Accuracy: White = 86%, Black = 75%.} 1-0